[Event "DM Eliteklassen 2026"]
[Site "Svendborg"]
[Date "2026.03.31"]
[Round "1.1"]
[White "Matthiesen, Martin"]
[Black "Jorgensen, Brian Jorgen"]
[Result "1-0"]
[WhiteElo "2292"]
[BlackElo "2206"]
[WhiteFideId "1404067"]
[BlackFideId "1401548"]
[EventDate "2026.03.31"]
[EventType "tourn"]
[EventRounds "7"]
[EventCountry "DEN"]
[SourceTitle "Live v. Kasper Jerwiarz"]

1. d4 f5 2. Nc3 Nf6 3. Bg5 d5 4. e3 g6 5. h4 Bg7 6. h5 Be6 7. h6 Bf8 8. Qd2 c6 9. f3 Nbd7 10. Nh3 Bf7 11. O-O-O e6 12. e4 Be7 13. e5 Ng8 14. g4 a6 15. Bd3 c5 16. dxc5 Nxc5 17. gxf5 gxf5 18. Ne2 Nxd3+ 19. cxd3 Qb6 20. Kb1 Bb4 21. Qc2 Qc6 22. Qb3 Ba5 23. Nd4 Qd7 24. Nf4 b5 25. Rc1 Bb6 26. Nxf5 exf5 27. e6 Bxe6 28. Rhe1 Kf7 29. Rxe6 Bd8 30. Rec6 Kf8 31. Bxd8 Rxd8 32. Ne6+ 1-0

[Event "DM Eliteklassen 2026"]
[Site "Svendborg"]
[Date "2026.03.31"]
[Round "1.2"]
[White "Rewitz, Poul"]
[Black "Le Besq, Alexander"]
[Result "0-1"]
[WhiteElo "2249"]
[BlackElo "2286"]
[WhiteFideId "1401033"]
[BlackFideId "1437089"]
[EventDate "2026.03.31"]
[EventType "tourn"]
[EventRounds "7"]
[EventCountry "DEN"]
[SourceTitle "Live v. Kasper Jerwiarz"]

1. b3 c5 2. Bb2 Nc6 3. e3 e5 4. Nf3 e4 5. Ne5 Nxe5 6. Bxe5 d6 7. Bb2 Bd7 8. c4 Nf6 9. Qc2 Bc6 10. Nc3 Qd7 11. h4 Be7 12. g3 O-O 13. Bh3 Ng4 14. Nxe4 f5 15. Bxg4 fxg4 16. d3 Qf5 17. O-O Rae8 18. Nd2 Bf3 19. e4 Qh5 20. Nxf3 gxf3 21. Kh2 Rf4 22. Rh1 Rxh4+ 23. gxh4 Qg4 0-1

[Event "DM Eliteklassen 2026"]
[Site "Svendborg"]
[Date "2026.03.31"]
[Round "1.3"]
[White "Hansen, Soren Bech"]
[Black "Sandmann, Villads Majvang"]
[Result "0-1"]
[WhiteElo "2228"]
[BlackElo "2223"]
[WhiteFideId "1400681"]
[BlackFideId "1472313"]
[EventDate "2026.03.31"]
[EventType "tourn"]
[EventRounds "7"]
[EventCountry "DEN"]
[SourceTitle "Live v. Kasper Jerwiarz"]

1. e4 c5 2. Nf3 d6 3. d4 cxd4 4. Nxd4 Nf6 5. Nc3 a6 6. Rg1 e5 7. Nb3 h5 8. Be3 Be6 9. h3 Be7 10. Qf3 h4 11. O-O-O Nbd7 12. Kb1 b5 13. Nd5 Bxd5 14. exd5 Qc7 15. g4 hxg3 16. Rxg3 g6 17. Bd2 Rc8 18. Bd3 Rh4 19. Ba5 Qb7 20. Bf1 Nb6 21. Bxb6 Qxb6 22. Qe2 Rf4 23. Re3 Kf8 24. Nc1 Nh5 25. c3 Bg5 26. Rf3 Rxf3 27. Qxf3 Bxc1 28. Rxc1 Nf4 29. Rd1 Rc5 30. b4 Rc8 31. Kb2 Kg7 32. Rd2 Qc7 33. a3 Qd7 34. Qg4 Qc7 35. Qf3 Rh8 36. Rc2 Qc8 37. c4 bxc4 38. Rxc4 Qf5 39. Rc6 Rxh3 40. Qd1 Nd3+ 41. Bxd3 Rxd3 42. Qc2 e4 43. Rxa6 Qxd5 44. Qa4 Qd4+ 45. Kc1 Qa1+ 46. Kc2 Qd1+ 47. Kb2 Rd2+ 48. Kc3 Qc1+ 0-1

[Event "DM Eliteklassen 2026"]
[Site "Svendborg"]
[Date "2026.03.31"]
[Round "1.4"]
[White "Sylvan, Jacob"]
[Black "Hansen, Lars"]
[Result "1-0"]
[WhiteElo "2300"]
[BlackElo "2209"]
[WhiteFideId "1402137"]
[BlackFideId "1402528"]
[EventDate "2026.03.31"]
[EventType "tourn"]
[EventRounds "7"]
[EventCountry "DEN"]
[SourceTitle "Live v. Kasper Jerwiarz"]

1. e4 c5 2. Nf3 g6 3. d4 cxd4 4. Nxd4 Nc6 5. Nc3 Bg7 6. Be3 Nf6 7. Bc4 O-O 8. Bb3 d5 9. exd5 Na5 10. Nde2 b6 11. Qd2 Bb7 12. O-O-O Nxb3+ 13. axb3 Qd7 14. Bh6 Rfd8 15. Bxg7 Kxg7 16. Nf4 Qf5 17. Rhe1 e5 18. Nd3 e4 19. Nf4 Rac8 20. Kb1 h6 21. h4 b5 22. Nxb5 Nxd5 23. Nxd5 Rxd5 24. Nd4 Qg4 25. g3 Rcd8 26. Qe3 Qd7 27. c3 f5 28. g4 Qf7 29. gxf5 gxf5 30. Rg1+ Kh7 31. h5 a5 32. Qf4 Qxh5 33. Rh1 Qg6 34. Rdg1 Qf6 35. Nxf5 Rxf5 36. Rxh6+ Qxh6 37. Qxf5+ Kh8 38. Qe5+ 1-0

[Event "DM Eliteklassen 2026"]
[Site "Svendborg"]
[Date "2026.04.01"]
[Round "2.1"]
[White "Matthiesen, Martin"]
[Black "Rewitz, Poul"]
[Result "1/2-1/2"]
[WhiteElo "2292"]
[BlackElo "2249"]
[WhiteFideId "1404067"]
[BlackFideId "1401033"]
[EventDate "2026.03.31"]
[EventType "tourn"]
[EventRounds "7"]
[EventCountry "DEN"]
[SourceTitle "Live v. Kasper Jerwiarz"]

1. d4 Nf6 2. c4 e6 3. Nf3 b6 4. g3 Bb7 5. Bg2 g6 6. O-O Bg7 7. Qc2 Be4 8. Qb3 Nc6 9. Nbd2 Na5 10. Qa4 O-O 11. b4 Nc6 12. Bb2 a5 13. Nxe4 Nxe4 14. Qc2 f5 15. b5 Ne7 16. Rac1 Rc8 17. Ba3 Bf6 18. Ne5 Ng5 19. f4 Nf7 20. e4 Nd6 21. exf5 Ndxf5 22. Qd3 d6 23. Nf3 c5 24. bxc6 Nxc6 25. d5 exd5 26. g4 Nfd4 27. Nxd4 Bxd4+ 28. Kh1 Qf6 29. Bxd5+ Kh8 30. g5 Qg7 31. Bxd6 Rfd8 32. Ba3 Nb4 33. Bxb4 axb4 34. f5 gxf5 35. Rxf5 Rf8 36. Rcf1 Bc5 37. Rf7 Rxf7 38. Rxf7 Qa1+ 39. Rf1 Qe5 40. Qh3 Rf8 41. Rxf8+ Bxf8 42. Qf1 Bg7 43. Qf7 Qe1+ 44. Kg2 Qe2+ 45. Kh3 Qe3+ 46. Kg4 Qg1+ 47. Kh3 Qe3+ 48. Kg4 1/2-1/2

[Event "DM Eliteklassen 2026"]
[Site "Svendborg"]
[Date "2026.04.01"]
[Round "2.2"]
[White "Le Besq, Alexander"]
[Black "Hansen, Soren Bech"]
[Result "1-0"]
[WhiteElo "2286"]
[BlackElo "2228"]
[WhiteFideId "1437089"]
[BlackFideId "1400681"]
[EventDate "2026.03.31"]
[EventType "tourn"]
[EventRounds "7"]
[EventCountry "DEN"]
[SourceTitle "Live v. Kasper Jerwiarz"]

1. e4 c5 2. Nf3 Nc6 3. d4 cxd4 4. Nxd4 Qb6 5. Nb3 Nf6 6. Nc3 e6 7. Qe2 Bb4 8. Bd2 O-O 9. a3 Be7 10. O-O-O d5 11. e5 Nd7 12. f4 d4 13. Ne4 a5 14. Be1 a4 15. Nbd2 Qc7 16. Nf3 Nc5 17. Nxc5 Bxc5 18. h4 b5 19. Ng5 Ne7 20. Qe4 Nf5 21. Qxa8 Bb7 22. Qa5 Bb6 23. Qxb5 h6 24. Nf3 Ne3 25. Bd3 Rc8 26. Rd2 Bc6 27. Qb4 Nd5 28. Qc4 Ne3 29. Qb4 Nd5 30. Qd6 Qa7 31. Bf2 Ne3 32. Nxd4 Bxd4 33. Qxd4 1-0

[Event "DM Eliteklassen 2026"]
[Site "Svendborg"]
[Date "2026.04.01"]
[Round "2.3"]
[White "Sandmann, Villads Majvang"]
[Black "Sylvan, Jacob"]
[Result "1/2-1/2"]
[WhiteElo "2223"]
[BlackElo "2300"]
[WhiteFideId "1472313"]
[BlackFideId "1402137"]
[EventDate "2026.03.31"]
[EventType "tourn"]
[EventRounds "7"]
[EventCountry "DEN"]
[SourceTitle "Live v. Kasper Jerwiarz"]

1. d4 Nf6 2. c4 e6 3. Nc3 d5 4. cxd5 exd5 5. Bg5 Be7 6. e3 c6 7. Bd3 h6 8. Bh4 Nbd7 9. Qc2 Nh5 10. Bxe7 Qxe7 11. Nge2 Nb6 12. O-O O-O 13. b3 Bd7 14. Rad1 Rfe8 15. Rfe1 Rad8 16. Ng3 Nxg3 17. hxg3 Be6 18. Ne2 h5 19. Nf4 Qg5 20. a4 Nd7 21. b4 Rc8 22. Rc1 g6 23. b5 Kg7 24. bxc6 bxc6 25. e4 Nf6 26. exd5 Bxd5 27. Rxe8 Rxe8 28. Qd2 Qg4 29. Re1 Qd7 30. Rxe8 Qxe8 31. Qe2 Qxe2 1/2-1/2

[Event "DM Eliteklassen 2026"]
[Site "Svendborg"]
[Date "2026.04.01"]
[Round "2.4"]
[White "Jorgensen, Brian Jorgen"]
[Black "Hansen, Lars"]
[Result "1-0"]
[WhiteElo "2206"]
[BlackElo "2209"]
[WhiteFideId "1401548"]
[BlackFideId "1402528"]
[EventDate "2026.03.31"]
[EventType "tourn"]
[EventRounds "7"]
[EventCountry "DEN"]
[SourceTitle "Live v. Kasper Jerwiarz"]

1. d4 Nf6 2. c4 e6 3. Nc3 Bb4 4. e3 O-O 5. Bd3 d5 6. cxd5 exd5 7. Ne2 Re8 8. a3 Bd6 9. Qc2 c6 10. Bd2 b6 11. f3 c5 12. g4 Nc6 13. O-O c4 14. Bf5 g6 15. Bxc8 Rxc8 16. Rf2 a6 17. Kh1 Bc7 18. Ng3 b5 19. Nce2 Na5 20. g5 Nb3 21. Rd1 Nd7 22. e4 Nxd2 23. Qxd2 Nf8 24. e5 Ba5 25. Qe3 Bb6 26. f4 f5 27. gxf6 Qxf6 28. Qf3 Qc6 29. f5 gxf5 30. Nxf5 Ng6 31. Rg1 Kh8 32. Nf4 Nxe5 33. Qxd5 Nd3 34. Rfg2 Bxd4 35. Qxd4+ Ne5 36. Nd6 Rc7 37. Nxe8 1-0

[Event "DM Eliteklassen 2026"]
[Site "Svendborg"]
[Date "2026.04.02"]
[Round "3.1"]
[White "Hansen, Soren Bech"]
[Black "Matthiesen, Martin"]
[Result "0-1"]
[WhiteElo "2228"]
[BlackElo "2292"]
[WhiteFideId "1400681"]
[BlackFideId "1404067"]
[EventDate "2026.03.31"]
[EventType "tourn"]
[EventRounds "7"]
[EventCountry "DEN"]
[SourceTitle "Live v. Kasper Jerwiarz"]

1. e4 c6 2. d4 d5 3. e5 Bf5 4. h4 h5 5. Bd3 Bxd3 6. Qxd3 Qa5+ 7. Nd2 e6 8. Nf3 Nh6 9. O-O Nf5 10. Nb3 Qb5 11. Qd1 Nd7 12. c3 Be7 13. g3 O-O-O 14. a4 Qa6 15. Bf4 Kb8 16. Qd2 c5 17. Rfe1 Rc8 18. Bg5 Qb6 19. Bxe7 Qxb3 20. Bxc5 Nxc5 21. dxc5 Rxc5 22. Ng5 Rf8 23. Qe2 g6 24. Kh2 d4 25. Ra3 Qd5 26. Ne4 Rc7 27. Nf6 Qc6 28. Rd1 Rd8 29. Qe4 Qxe4 30. Nxe4 Rd5 31. cxd4 Nxd4 32. Kg2 Nc2 33. Rda1 Nxa1 34. Rxa1 Rxe5 35. Nc3 Rd7 36. Ra3 Rd3 37. Rb3 Re2 38. Rb4 Rxb2 39. Rxb2 Rxc3 40. Rb4 Kc7 41. f4 a5 42. Rd4 Rb3 43. Rc4+ Kd7 44. Rd4+ Ke7 45. Rc4 Kd6 46. Rd4+ Kc6 47. Rc4+ Kb6 48. Rc8 Rd3 49. Kf2 Rd5 50. Ke3 Rc5 51. Rf8 Rc3+ 52. Kf2 Rc7 53. Ra8 Rc4 54. Rf8 Rxa4 55. Rxf7 Rc4 56. Rf6 Rc6 57. Rxg6 a4 58. g4 hxg4 59. Rxg4 a3 60. Rg1 Rc2+ 61. Kg3 Ka5 62. h5 b5 63. h6 b4 0-1

[Event "DM Eliteklassen 2026"]
[Site "Svendborg"]
[Date "2026.04.02"]
[Round "3.2"]
[White "Rewitz, Poul"]
[Black "Jorgensen, Brian Jorgen"]
[Result "1-0"]
[WhiteElo "2249"]
[BlackElo "2206"]
[WhiteFideId "1401033"]
[BlackFideId "1401548"]
[EventDate "2026.03.31"]
[EventType "tourn"]
[EventRounds "7"]
[EventCountry "DEN"]
[SourceTitle "Live v. Kasper Jerwiarz"]

1. e4 c5 2. Nf3 e6 3. b4 b6 4. bxc5 bxc5 5. Nc3 Nc6 6. Bb5 Nd4 7. Ba4 Ne7 8. O-O Bb7 9. Rb1 Rb8 10. d3 Bc6 11. Bf4 Rxb1 12. Qxb1 Ng6 13. Bg3 Nxf3+ 14. gxf3 Bxa4 15. Nxa4 e5 16. Qb5 h5 17. h3 h4 18. Bh2 Qg5+ 19. Kh1 Qf6 20. f4 Nxf4 21. Qb8+ Ke7 22. Nxc5 Ne6 23. Nxe6 Qf3+ 24. Kg1 fxe6 25. Bxe5 Kf7 26. Qxa7 Rh6 27. Kh2 Rg6 28. Rg1 Be7 29. Rxg6 Kxg6 30. Qe3 Qd1 31. Qf4 Qxc2 32. Qg4+ Bg5 33. Qg2 Qxd3 34. f4 Qg3+ 35. Qxg3 hxg3+ 36. Kxg3 Be7 37. a4 d6 38. Bc3 d5 39. exd5 exd5 40. Kg4 Bc5 41. f5+ Kf7 42. Kf4 d4 43. Be1 g6 44. fxg6+ Kxg6 45. Ke4 Kf6 46. Bf2 Ke6 47. Bxd4 Be7 48. a5 Kd6 49. Kf5 Bh4 50. Be5+ Kc6 51. Kg4 Be1 52. a6 Kb6 53. Bg3 Bc3 54. h4 Kxa6 55. h5 Kb6 56. h6 Kc6 57. Kf5 Kd5 58. Bh4 1-0

[Event "DM Eliteklassen 2026"]
[Site "Svendborg"]
[Date "2026.04.02"]
[Round "3.3"]
[White "Sylvan, Jacob"]
[Black "Le Besq, Alexander"]
[Result "1-0"]
[WhiteElo "2300"]
[BlackElo "2286"]
[WhiteFideId "1402137"]
[BlackFideId "1437089"]
[EventDate "2026.03.31"]
[EventType "tourn"]
[EventRounds "7"]
[EventCountry "DEN"]
[SourceTitle "Live v. Kasper Jerwiarz"]

1. d4 Nf6 2. c4 g6 3. Nc3 Bg7 4. Nf3 O-O 5. g3 d6 6. Bg2 Nc6 7. d5 Na5 8. b3 c5 9. Bb2 a6 10. O-O Rb8 11. Nd2 b5 12. Qc1 e5 13. dxe6 Bxe6 14. cxb5 axb5 15. Nce4 Ne8 16. Bxg7 Kxg7 17. Rd1 f5 18. Nc3 Nf6 19. Nf3 b4 20. Ng5 Bg8 21. Na4 h6 22. Nh3 Qe7 23. Qc2 Rfe8 24. Nf4 Qe5 25. e3 g5 26. Nd3 Qe7 27. Qb2 Kg6 28. Qc2 Ne4 29. g4 Be6 30. f3 Nf6 31. gxf5+ Bxf5 32. e4 Bd7 33. e5 Ng8 34. Nf4+ Kg7 35. Nh5+ Kh8 36. exd6 Qf7 37. Nxc5 Rbc8 38. Qb2+ Kh7 39. Nxd7 Qxd7 40. Rac1 Qa7+ 41. Kh1 Rxc1 42. Qxc1 Kg6 43. Ng3 Nf6 44. Qc2+ Kf7 45. Qf5 Kg7 46. d7 Rd8 47. Rd6 Nxd7 48. Nh5+ Kh8 49. Rxh6+ Kg8 50. Qh7+ 1-0

[Event "DM Eliteklassen 2026"]
[Site "Svendborg"]
[Date "2026.04.02"]
[Round "3.4"]
[White "Hansen, Lars"]
[Black "Sandmann, Villads Majvang"]
[Result "1/2-1/2"]
[WhiteElo "2209"]
[BlackElo "2223"]
[WhiteFideId "1402528"]
[BlackFideId "1472313"]
[EventDate "2026.03.31"]
[EventType "tourn"]
[EventRounds "7"]
[EventCountry "DEN"]
[SourceTitle "Live v. Kasper Jerwiarz"]

1. Nf3 d5 2. e3 Nf6 3. b3 e6 4. Bb2 Be7 5. c4 O-O 6. Nc3 c5 7. cxd5 exd5 8. d4 Nc6 9. Be2 Ne4 10. dxc5 Bf6 11. Nd4 Nxc5 12. Nxc6 bxc6 13. O-O Re8 14. Qc2 Ne6 15. Rfd1 Bb7 16. Rac1 Qe7 17. Qf5 Rad8 18. Bd3 g6 19. Nxd5 gxf5 20. Nxf6+ Kf8 21. Nxh7+ Kg8 22. Nf6+ Kf8 23. Nh7+ Kg8 24. Nf6+ Kf8 25. Nh7+ Kg8 26. Nf6+ Kf8 27. Nh7+ 1/2-1/2

[Event "DM Eliteklassen 2026"]
[Site "Svendborg"]
[Date "2026.04.03"]
[Round "4.1"]
[White "Matthiesen, Martin"]
[Black "Sylvan, Jacob"]
[Result "0-1"]
[WhiteElo "2292"]
[BlackElo "2300"]
[WhiteFideId "1404067"]
[BlackFideId "1402137"]
[EventDate "2026.03.31"]
[EventType "tourn"]
[EventRounds "7"]
[EventCountry "DEN"]
[SourceTitle "Live v. Kasper Jerwiarz"]

1. d4 Nf6 2. c4 e6 3. Nf3 d5 4. Nc3 dxc4 5. e4 b5 6. e5 Nd5 7. Nxb5 Nb6 8. Be2 Nc6 9. O-O Be7 10. Qd2 Bb7 11. Rd1 Qd7 12. Qf4 g5 13. Qg3 O-O-O 14. Nc3 Nb4 15. Ne1 h5 16. b3 cxb3 17. axb3 g4 18. Rxa7 Rdg8 19. h4 Qd8 20. Bg5 Bxg5 21. hxg5 Qxg5 22. Nd3 h4 23. Qe3 Qxe3 24. fxe3 Nxd3 25. Bxd3 Kb8 26. Rda1 h3 27. Be4 Bxe4 28. Nxe4 hxg2 29. Kxg2 g3 30. Nc5 Rh2+ 31. Kf3 Rf2+ 32. Ke4 Rg4+ 33. Kd3 g2 34. Rb7+ Kc8 35. Rba7 Kd8 36. Ne4 Rxe4 37. Kxe4 Rf1 0-1

[Event "DM Eliteklassen 2026"]
[Site "Svendborg"]
[Date "2026.04.03"]
[Round "4.2"]
[White "Rewitz, Poul"]
[Black "Hansen, Soren Bech"]
[Result "0-1"]
[WhiteElo "2249"]
[BlackElo "2228"]
[WhiteFideId "1401033"]
[BlackFideId "1400681"]
[EventDate "2026.03.31"]
[EventType "tourn"]
[EventRounds "7"]
[EventCountry "DEN"]
[SourceTitle "Live v. Kasper Jerwiarz"]

1. e4 Nf6 2. e5 Nd5 3. Bc4 Nb6 4. Bb3 c5 5. c3 c4 6. Bc2 Nc6 7. Nf3 d6 8. d4 cxd3 9. Qxd3 dxe5 10. Qxd8+ Kxd8 11. Ng5 Ke8 12. Nxh7 Be6 13. Nxf8 Kxf8 14. Nd2 f6 15. Nb3 Nd7 16. Be3 Kf7 17. O-O-O b6 18. h3 Rac8 19. Kb1 Rc7 20. Rhe1 g5 21. f3 Nf8 22. Nd2 Ng6 23. Ne4 Nh4 24. Re2 Na5 25. Bc1 Nb7 26. b4 Nf5 27. Bb3 Nbd6 28. Bd2 Nxe4 29. fxe4 Nd6 30. Be1 Bc4 31. Kc2 Ke6 32. Re3 Kd7 33. Ba4+ Kc8 34. Bb3 Kb7 35. Kb2 a5 36. bxa5 bxa5 37. Kc2 Ra8 38. Bxc4 Rxc4 39. Rd5 a4 40. Kd3 Rac8 41. Re2 Kc7 42. g3 Kd7 43. h4 Ke6 44. Ra5 g4 45. Ra6 Kf7 46. h5 Nb5 47. Rc2 Nd4 48. Rc1 Nf3 49. Bd2 Nxd2 50. Kxd2 Rxe4 51. c4 Rexc4 52. Rxc4 Rxc4 53. Ra7 Rd4+ 54. Ke3 f5 55. Ra5 Kf6 56. h6 Rd8 57. Ra6+ e6 58. Ra7 Rh8 59. h7 e4 60. Kf4 e5+ 61. Ke3 Kg6 62. Rxa4 Rxh7 63. Ra8 Rh3 64. Kf2 e3+ 65. Kxe3 Rxg3+ 66. Kf2 Rf3+ 67. Kg2 Kg5 68. Ra4 e4 69. Rb4 Ra3 70. Rb2 f4 71. Kh2 Kh4 0-1

[Event "DM Eliteklassen 2026"]
[Site "Svendborg"]
[Date "2026.04.03"]
[Round "4.3"]
[White "Le Besq, Alexander"]
[Black "Hansen, Lars"]
[Result "1/2-1/2"]
[WhiteElo "2286"]
[BlackElo "2209"]
[WhiteFideId "1437089"]
[BlackFideId "1402528"]
[EventDate "2026.03.31"]
[EventType "tourn"]
[EventRounds "7"]
[EventCountry "DEN"]
[SourceTitle "Live v. Kasper Jerwiarz"]

1. e4 c5 2. Nf3 g6 3. d4 cxd4 4. Nxd4 Nc6 5. c4 Nf6 6. Nc3 d6 7. Nc2 Bg7 8. Be2 O-O 9. O-O Nd7 10. Bd2 Nc5 11. b4 Bxc3 12. Bxc3 Nxe4 13. Bb2 e5 14. Bd3 Nf6 15. b5 Na5 16. f4 Be6 17. Na3 Ng4 18. Qe2 Re8 19. Rae1 e4 20. Qxe4 Qb6+ 21. Bd4 f5 22. Bxb6 fxe4 23. Bxa5 exd3 24. h3 Nf6 25. Bc3 Nd7 26. g4 Nb6 27. Re4 Bxc4 28. Rfe1 Rxe4 29. Rxe4 Rc8 30. Bd2 Kf7 31. Kf2 Bxa2 32. Rd4 d5 33. Rxd3 Nc4 34. Bb4 Re8 35. Rxd5 Nxa3 36. Rd7+ Ke6 37. Rd6+ Kf7 38. Bxa3 Be6 39. Rd1 Rc8 40. Ra1 Rc4 41. Bd6 Rc2+ 42. Kg3 Rc3+ 43. Kh4 Rd3 44. Bc5 Rb3 1/2-1/2

[Event "DM Eliteklassen 2026"]
[Site "Svendborg"]
[Date "2026.04.03"]
[Round "4.4"]
[White "Jorgensen, Brian Jorgen"]
[Black "Sandmann, Villads Majvang"]
[Result "1-0"]
[WhiteElo "2206"]
[BlackElo "2223"]
[WhiteFideId "1401548"]
[BlackFideId "1472313"]
[EventDate "2026.03.31"]
[EventType "tourn"]
[EventRounds "7"]
[EventCountry "DEN"]
[SourceTitle "Live v. Kasper Jerwiarz"]

1. d4 Nf6 2. c4 e6 3. Nc3 Bb4 4. e3 O-O 5. Bd2 d5 6. Nf3 b6 7. cxd5 exd5 8. Rc1 a6 9. Bd3 Bb7 10. Ne5 Nbd7 11. f4 Bxc3 12. Bxc3 Ne4 13. O-O f6 14. Ng4 Re8 15. Qf3 Qe7 16. Rfe1 c5 17. f5 Rac8 18. Re2 Qd6 19. Nf2 b5 20. Be1 cxd4 21. Rxc8 Rxc8 22. exd4 Qb6 23. Nxe4 dxe4 24. Bxe4 Qxd4+ 25. Qf2 Qxf2+ 26. Kxf2 Bxe4 27. Rxe4 Kf7 28. Bc3 Ne5 29. Ke2 Nc4 30. Kd3 Rd8+ 31. Kc2 Nd6 32. Rd4 Nb7 33. Rxd8 Nxd8 34. Kd3 g6 35. fxg6+ hxg6 36. Kd4 Ne6+ 37. Kd5 Nf4+ 38. Kc5 Nxg2 39. Kb6 f5 40. Kxa6 Ke6 41. Kxb5 Kd5 42. Ba5 f4 43. Bc7 Ke6 44. Kc6 f3 45. Bg3 Ne3 46. a4 Nc4 47. b4 Ne5+ 48. Kc7 Kd5 49. b5 1-0

[Event "DM Eliteklassen 2026"]
[Site "Svendborg"]
[Date "2026.04.04"]
[Round "5.1"]
[White "Hansen, Lars"]
[Black "Matthiesen, Martin"]
[Result "0-1"]
[WhiteElo "2209"]
[BlackElo "2292"]
[WhiteFideId "1402528"]
[BlackFideId "1404067"]
[EventDate "2026.03.31"]
[EventType "tourn"]
[EventRounds "7"]
[EventCountry "DEN"]
[SourceTitle "Live v. Kasper Jerwiarz"]

1. e4 c5 2. Nc3 Nc6 3. Nf3 e6 4. Bb5 Nge7 5. d4 cxd4 6. Nxd4 Nxd4 7. Qxd4 a6 8. Bd3 Nc6 9. Qe3 Be7 10. Qg3 O-O 11. O-O b5 12. Bf4 Bb7 13. e5 Bh4 14. Qh3 h6 15. Qg4 Bg5 16. Bg3 d5 17. f4 Be7 18. f5 exf5 19. Qxf5 g6 20. Qg4 h5 21. Qd1 Qd7 22. Qd2 Bc5+ 23. Kh1 Bd4 24. Rae1 Rae8 25. Bf5 Qd8 26. Qh6 Bxe5 27. Bxg6 fxg6 28. Bxe5 Nxe5 29. Rxf8+ Rxf8 30. h3 Qd6 31. Ne2 Nf7 32. Qe3 Qe5 33. Qd3 Kg7 34. Rf1 Nh8 35. Rxf8 Kxf8 36. Nd4 Nf7 37. Qa3+ Kg7 38. Qc3 Bc8 39. Qc5 Bf5 40. Nf3 Qxb2 41. Nd4 Qc1+ 42. Kh2 Qf4+ 43. Kg1 Qe3+ 44. Kh2 Qe5+ 45. Kg1 Be4 46. Qc3 Kh7 47. Qe3 Nh6 48. c3 Nf5 49. Qg5 Qg3 0-1

[Event "DM Eliteklassen 2026"]
[Site "Svendborg"]
[Date "2026.04.04"]
[Round "5.2"]
[White "Sylvan, Jacob"]
[Black "Rewitz, Poul"]
[Result "1-0"]
[WhiteElo "2300"]
[BlackElo "2249"]
[WhiteFideId "1402137"]
[BlackFideId "1401033"]
[EventDate "2026.03.31"]
[EventType "tourn"]
[EventRounds "7"]
[EventCountry "DEN"]
[SourceTitle "Live v. Kasper Jerwiarz"]

1. e4 d5 2. exd5 Qxd5 3. Nc3 Qd6 4. d4 Nf6 5. Nb5 Qb6 6. Na3 Bg4 7. Nf3 Bxf3 8. Qxf3 c6 9. c3 e6 10. Nc4 Qd8 11. Qg3 Qd5 12. Be2 Nbd7 13. O-O Be7 14. Ne3 Qe4 15. Bf3 Qg6 16. Qc7 Rb8 17. Nc4 Bd8 18. Qg3 Qxg3 19. hxg3 Bc7 20. Bf4 Bxf4 21. gxf4 Nd5 22. f5 exf5 23. Nd6+ Kf8 24. Nxf5 g6 25. Nd6 Kg7 26. Rfe1 N5b6 27. Re7 Rhf8 28. c4 c5 29. Nxb7 Kf6 30. Rae1 cxd4 31. Nd6 d3 32. R7e3 Nc5 33. b4 Nxc4 34. Nxc4 Rxb4 35. Ne5 d2 36. Rd1 Rb2 37. Nc4 Rxa2 38. Rxd2 Rxd2 39. Nxd2 Rd8 40. Ne4+ Nxe4 41. Rxe4 h5 42. Ra4 Rd7 43. Ra5 Re7 44. Kh2 Rc7 45. Kg3 Re7 46. Kf4 Kg7 47. Bd5 Kf6 48. Ra6+ Kg7 49. Bf3 Kf8 50. Ra5 Kg7 51. Bd5 Kf6 52. Kg3 Rc7 53. f4 Re7 54. Ra6+ Kg7 55. f5 gxf5 56. Kh4 Rd7 57. Bf3 Rc7 58. Kxh5 Re7 59. Kg5 Rc7 60. Kxf5 Re7 61. Ra5 Rc7 62. Ke5 Rd7 63. Bd5 Kf8 64. Rb5 1-0

[Event "DM Eliteklassen 2026"]
[Site "Svendborg"]
[Date "2026.04.04"]
[Round "5.3"]
[White "Hansen, Soren Bech"]
[Black "Jorgensen, Brian Jorgen"]
[Result "1-0"]
[WhiteElo "2228"]
[BlackElo "2206"]
[WhiteFideId "1400681"]
[BlackFideId "1401548"]
[EventDate "2026.03.31"]
[EventType "tourn"]
[EventRounds "7"]
[EventCountry "DEN"]
[SourceTitle "Live v. Kasper Jerwiarz"]

1. e4 e6 2. d4 d5 3. Nd2 c5 4. exd5 Qxd5 5. dxc5 Bxc5 6. Ngf3 Nf6 7. Bd3 O-O 8. O-O Nc6 9. Qe2 Qd7 10. Ne4 Nxe4 11. Qxe4 f5 12. Qe2 Qc7 13. Bc4 Kh8 14. Be3 Bd6 15. Bd2 Ne5 16. Nxe5 Bxe5 17. Rae1 Bxh2+ 18. Kh1 Bd6 19. Bc3 e5 20. Bd5 e4 21. f3 Bg3 22. fxe4 Qe7 23. Qh5 Bxe1 24. Rxe1 f4 25. Rf1 Be6 26. Qe5 Rf6 27. Qg5 Bxd5 28. Bxf6 gxf6 29. Qxd5 Rc8 30. c3 Rc5 31. Qd4 Rh5+ 32. Kg1 Qe5 33. Rf3 Kg7 34. Kf2 b6 35. b4 Kg6 36. Qxe5 Rxe5 37. Rxf4 a5 38. a4 Kg5 39. Ke3 h5 40. Rf3 h4 41. Kd4 Kg6 42. b5 Rg5 43. Rf2 Rg3 44. Rc2 Rg5 45. c4 Rc5 46. Kd3 Kf7 47. Rf2 Rg5 48. Rf4 Ke6 49. Rxh4 Ke5 50. g4 Rg7 51. Ke3 Rc7 52. Rh5+ Kd6 53. Kd4 Rg7 54. c5+ Kc7 55. c6 Rxg4 56. Kd5 Rg1 57. Rh7+ Kc8 58. Kd6 Rd1+ 59. Ke6 Rd4 60. Rh8+ Kc7 61. Rh7+ Kc8 62. Rh4 Rxa4 63. Kxf6 Rb4 64. Rh8+ Kc7 65. Rh7+ Kc8 66. Ke5 a4 67. Rh8+ Kc7 68. Rh7+ Kc8 69. Ra7 Kd8 70. Kd5 Kc8 71. e5 Kd8 72. e6 a3 73. c7+ Kc8 74. e7 1-0